000 00783nam a2200265 a 4500
001 BRL_1419
005 20190320211209.0
008 130114s1988----enkao#####---#000-0#eng-#
020 _a0500274975
041 _aeng
044 _aenk
050 4 _aNK8943
_b.P37 1988
100 1 _aParry, Linda
_926847
245 1 0 _aTextiles of the arts and crafts movement
_cLinda Parry.
260 _aLondon
_bThames and Hudson
_c1988
300 _a160 p.
_bil., (algunas a color)
_c25 cm.
500 _aAu1620
500 _aIncluye índice
504 _aBibliografía: p. 156
650 1 4 _aTelas
_xHistoria
_ySiglo XIX
_zInglaterra
_926848
650 1 4 _aTelas
_xHistoria
_ySiglo XX
_zInglaterra
_926849
650 1 4 _aArtesanias textiles
_zInglaterra
_926850
902 _aGRL
942 _2lcc
_cB
999 _c10229
_d10229